000 00616nam a2200253Ia 4500
005 20260306154407.0
008 008 260114s9999 xx 000 0 eng d
020 _a9780511815669
037 _aEBOOK
040 _aCRL
040 _beng
040 _cCRL
041 _2eng
041 _aeng
084 _qCRL
100 _aMcCabe/Bailey/Melzi
_91127463
245 0 _aSpanish-Language Narration and Literacy
260 _bCambridge University Press
260 _c2012
650 _a Psychology
856 _uhttps://doi.org/10.1017/CBO9780511815669
942 _cEBOOK
999 _c1707345
_d1707345